书目信息 |
| 题名: |
人类基因研究报告
|
|
| 作者: | 章波, , 王燕 , 宋敏 编著 | |
| 分册: | ||
| 出版信息: | 重庆 重庆出版社 2006.12 |
|
| 页数: | 326页 | |
| 开本: | 24cm | |
| 丛书名: | ||
| 单 册: | ||
| 中图分类: | Q987 | |
| 科图分类: | ||
| 主题词: | 人类基因--ren lei ji yin--研究报告 | |
| 电子资源: | ||
| ISBN: | 7-5366-8280-8 | |
| 000 | 01225nam0 2200301 450 | |
| 001 | 012007311276 | |
| 005 | 20070921101744.17 | |
| 010 | @a7-5366-8280-8@dCNY58.00 | |
| 100 | @a20070822d2006 km y0chiy0120 ea | |
| 101 | 0 | @achi |
| 102 | @aCN@b500000 | |
| 105 | @aac z 001yy | |
| 200 | 1 | @a人类基因研究报告@Aren lei ji yin yan jiu bao gao@d= Reserch report of human's gene@e关于疾病、情智、形貌与行为的遗传学新发现@f章波 ... [等] 编著@Fzhang bo...[deng]bian zhu@zeng |
| 205 | @a插图本 | |
| 210 | @a重庆@c重庆出版社@d2006.12 | |
| 215 | @a326页@c图 (部分彩图), 肖像@d24cm | |
| 304 | @a题名页题 : 章波, 王燕, 宋敏, 全俊编著 | |
| 320 | @a有索引。 | |
| 330 | @a本书从基因研究的层面出发,阐述了人类的一些病症、行为遗传以及个性特征的原因,同时,本书也强调了后天环境对遗传、病症、个性等的改造作用。 | |
| 510 | 1 | @aReserch report of human's gene@zeng |
| 517 | 1 | @a关于疾病、情智、形貌与行为的遗传学新发现@Aguan yu ji bing、qing zhi、xing mao yu xing wei de yi chuan xue xin fa xian |
| 606 | 0 | @a人类基因@Aren lei ji yin@x研究报告 |
| 690 | @aQ987@v4 | |
| 701 | 0 | @a章波,@Azhang bo@f1972- @4编著 |
| 701 | 0 | @a王燕@Awang yan@4编著 |
| 701 | 0 | @a宋敏@Asong min@4编著 |
| 801 | 0 | @aCN@c20070921 |
| 905 | @dQ987@eZ262 | |
| 人类基因研究报告= Reserch report of human's gene:关于疾病、情智、形貌与行为的遗传学新发现/章波 ... [等] 编著.-插图本.-重庆:重庆出版社,2006.12 |
| 326页:图 (部分彩图), 肖像;24cm |
| ISBN 7-5366-8280-8:CNY58.00 |
| 本书从基因研究的层面出发,阐述了人类的一些病症、行为遗传以及个性特征的原因,同时,本书也强调了后天环境对遗传、病症、个性等的改造作用。 |
| ● |
| 相关链接 |
|
|
|
正题名:人类基因研究报告
索取号:Q987/Z262
 
预约/预借
| 序号 | 登录号 | 条形码 | 馆藏地/架位号 | 状态 | 备注 |
| 1 | 261750 | 202617506 | 自科库401/401自科库 38排4列4层/ [索取号:Q987/Z262] | 在馆 | |
| 2 | 261751 | 202617515 | 自科库401/401自科库 38排4列4层/ [索取号:Q987/Z262] | 在馆 |